Rediseño del proceso de trámite de crédito empresarial, de la oficina principal del BNCR
Bewaard in:
| Hoofdauteur: | |
|---|---|
| Andere auteurs: | |
| Formaat: | Boek |
| Gepubliceerd in: |
San José, C.R
2002
|
| Onderwerpen: | |
| Tags: |
Voeg label toe
Geen labels, Wees de eerste die dit record labelt!
|
MARC
| LEADER | 00000nam a2200000Ia 4500 | ||
|---|---|---|---|
| 001 | 4543 | ||
| 003 | 008981 | ||
| 005 | 20221231144153.0 | ||
| 008 | 140114s2002 cr a m 000 ||s d | ||
| 040 | |c cru CEDI | ||
| 100 | |a Ruiz Fuentes, Kattya |9 7274 | ||
| 245 | |a Rediseño del proceso de trámite de crédito empresarial, de la oficina principal del BNCR | ||
| 260 | |c 2002 |a San José, C.R | ||
| 300 | |a xi, 117 hojas | ||
| 500 | |a Proyecto de graduación (licenciatura en ingeniería industrial)-- Universidad de Costa Rica. Facultad de Ingeniería. Escuela de Ingeniería Industrial | ||
| 650 | |x BANCO NACIONAL DE COSTA RICA (SAN JOSE) |x ORGANIZACION |x PRESTAMOS BANCARIOS |x DESCRIPCION DEL TRABAJO |x CREDITO INDUSTRIAL |x CLIMA ORGANIZATIVO |x ANALISIS OCUPACIONAL |x AMBIENTE DE TRABAJO |x SERVICIO AL CLIENTE |9 7277 | ||
| 700 | |9 7276 |a Castillo Vargas, Ivannia | ||
| 942 | |c TFG | ||
| 999 | |c 17898 |d 17898 | ||
